LIBRARY & INFORMATION CENTRE, KCAET, TAVANUR

ONLINE PUBLIC ACCESS CATALOGUE (OPAC)

Algebra: for colleges and engineering schools / (Record no. 9157)

MARC details
000 -LEADER
fixed length control field 00505cam a2200193ua 4500
041 ## - LANGUAGE CODE
Language code of text/sound track or separate title eng
082 ## - DEWEY DECIMAL CLASSIFICATION NUMBER
Classification number 512
Item number COW/AL
100 ## - MAIN ENTRY--AUTHOR NAME
Personal name Cowles, William H.H .
245 ## - TITLE STATEMENT
Title Algebra: for colleges and engineering schools /
250 ## - EDITION STATEMENT
Edition statement 2 /
260 ## - PUBLICATION, DISTRIBUTION, ETC. (IMPRINT)
Place of publication Toronto :
Name of publisher D Van nostrand co ,
Year of publication 1948.
300 ## - PHYSICAL DESCRIPTION
Number of Pages 275 ; .
700 1# - ADDED ENTRY--PERSONAL NAME
Personal name Thompson, James E .
942 ## - ADDED ENTRY ELEMENTS (KOHA)
Koha item type Books
Holdings
Withdrawn status Lost status Damaged status Home library Current library Date acquired Full call number Accession Number Koha item type
      KAUAET KAUAET 07/04/2012 512 5739 Books
free website counter